000
00319nam a2200133 a 4500
001
4140
005
20140414131917.0
008
090218s19uu xx 00 eng d
050
_a
ER
_b
Iw1 1986
100
_a
Maris, Ron
245
_a
I wish I could fly.
260
_a
New York :
_b
Scholastic ,
_c
1986.
999
_c
111524
_d
111524